ბათუმის შოთა რუსთაველის სახელმწიფო უნივერსიტეტის ბიბლიოთეკა

HBR-ის გზამკვლევი პროექტის მართვაში: (ბიბ.ჩანაწერი № 62082)

000 -ლიდერი
ფიქსირებული სიგრძის საკონტროლო ველი 01555nam a22002417a 4500
003 - საკონტროლო ნომრის იდენტიფიკატორი
საკონტროლო ველი Ge_BSU
005 - ბოლო ოპერაციის თარიღი და დრო
საკონტროლო ველი 20251008201517.0
008 - ფიქსირებული სიგრძის მონაცემთა ელემენტები - ზოგადი ინფორმაცია
ფიქსირებული სიგრძის საკონტროლო ველი 240704s2020 ge ||||| |||| 00| 0 geo d
020 ## - წიგნის საერთაშორისო სტანდარტული ნომერი
International Standard Book Number 9789941958939
041 ## - ენის კოდი
Language code of text/sound track or separate title geo
080 ## - უნივერსალური ათობითი კლასიფიკაციის ინდექსი
Universal Decimal Classification number 005.7 H-24
245 ## - ცნობა სათაურის შესახებ
Title HBR-ის გზამკვლევი პროექტის მართვაში:
Remainder of title შემატე მოტივაცია შენს გუნდს, აირიდე დაუგეგმავი სცენარები, მიაღწიე საუკეთესო შედეგს] /
Statement of responsibility, etc რედ: ია ვეკუა, თამარ ლონდარიძე; მთარგმნელები: მარიამ ლონდარიძე, ნათია ლურსმანაშვილი.
264 ## - წარმოების, გამოცემის, დისტრიბუციის და სხვა ცნობები
გამოცემის, წარმოების, დისტრიბუციის... ადგილი თბილისი:
გამოცემის, წარმოების, დისტრიბუციის... სახელწოდება Harvard Business Reviev Press,
გამოცემის, წარმოების, დისტრიბუციის... თარიღი 2020.
300 ## - ფიზიკური აღწერა
Extent 170 გვ.;
Other physical details 23 სმ.
440 ## - სერიის ცნობა / დამატებულია ჩანაწერი - სათაური
Title მეტი, ვიდრე გზამკვლევი.
9 (RLIN) 22722
653 ## - INDEX TERM--UNCONTROLLED
Uncontrolled term მართვის ორგანიზაციები.
653 ## - INDEX TERM--UNCONTROLLED
Uncontrolled term მენეჯმენტი
700 ## - ADDED ENTRY--PERSONAL NAME
Personal name ვეკუა, ია
Relator term რედაქტორი
9 (RLIN) 21667
700 ## - ADDED ENTRY--PERSONAL NAME
Personal name ლონდარიძე, თამარ
Relator term რედაქტორი
9 (RLIN) 22723
700 ## - ADDED ENTRY--PERSONAL NAME
Personal name ლონდარიძე, მარიამ
Relator term მთარგმნელი
9 (RLIN) 22724
700 ## - ADDED ENTRY--PERSONAL NAME
Personal name ლურსმანაშვილი, ნათია
Relator term მთარგმნელი
9 (RLIN) 22725
942 ## - ADDED ENTRY ELEMENTS (KOHA)
Source of classification or shelving scheme
Koha item type წიგნი
ეგზემპლარები
ჩამოწერის სტატუსი დაკარგული ეგზემპლარის სტატუსი კლასიფიკაციის წყარო ან თაროზე გაწყობის სქემა დაზიანების სტატუსი არ გაიცემა მუდმივი მდებარეობა (დაცვის ადგილი) ამჟამინდელი ადგილსამყოფელი თაროზე განთავსების ადგილი შეძენის თარიღი ღირებულება, შესყიდვის ნორმალური ფასი სრული შენახვის შიფრი შტრიხკოდი ბოლო ოპერაციის თარიღი ეგზემპლარის მიმდევრობითი ნომერი (კეტერი?) ფასის ძალაში შესვლის თარიღი ეგზემპლარის სახეობა საჯარო შენიშვნა
          ბათუმის შოთა რუსთაველის სახელმწიფო უნივერსიტეტის მთავარი ბიბლიოთეკა ბათუმის შოთა რუსთაველის სახელმწიფო უნივერსიტეტის მთავარი ბიბლიოთეკა წიგნსაცავი 2024-07-04 23.00 005.7 H-24 68452 2024-07-04 68452 2024-07-04 წიგნი 23.00
          ბათუმის შოთა რუსთაველის სახელმწიფო უნივერსიტეტის მთავარი ბიბლიოთეკა ბათუმის შოთა რუსთაველის სახელმწიფო უნივერსიტეტის მთავარი ბიბლიოთეკა წიგნსაცავი 2024-07-04 23.00 005.7 H-24 68453 2024-07-04 68453 2024-07-04 წიგნი 23.00
          ბათუმის შოთა რუსთაველის სახელმწიფო უნივერსიტეტის მთავარი ბიბლიოთეკა ბათუმის შოთა რუსთაველის სახელმწიფო უნივერსიტეტის მთავარი ბიბლიოთეკა წიგნსაცავი 2024-07-04 23.00 005.7 H-24 68454 2024-07-04 68454 2024-07-04 წიგნი 23.00
          ბათუმის შოთა რუსთაველის სახელმწიფო უნივერსიტეტის მთავარი ბიბლიოთეკა ბათუმის შოთა რუსთაველის სახელმწიფო უნივერსიტეტის მთავარი ბიბლიოთეკა წიგნსაცავი 2024-07-04 23.00 005.7 H-24 68455 2024-07-04 68455 2024-07-04 წიგნი 23.00
          ბათუმის შოთა რუსთაველის სახელმწიფო უნივერსიტეტის მთავარი ბიბლიოთეკა ბათუმის შოთა რუსთაველის სახელმწიფო უნივერსიტეტის მთავარი ბიბლიოთეკა წიგნსაცავი 2024-07-04 23.00 005.7 H-24 68456 2024-07-04 68456 2024-07-04 წიგნი 23.00
          ბათუმის შოთა რუსთაველის სახელმწიფო უნივერსიტეტის მთავარი ბიბლიოთეკა ბათუმის შოთა რუსთაველის სახელმწიფო უნივერსიტეტის მთავარი ბიბლიოთეკა წიგნსაცავი 2025-10-06 23.00 005.7 H-24 72595 2025-10-06 72595 2025-10-06 წიგნი 23.00